CFP National Championship MVPs - Statistics

General Stats
  • This quiz has been taken 56 times
  • The average score is 8 of 18
Answer Stats
Hint Answer % Correct
LSU QB Joe Burrow/Burrow
96%
Clemson QB Trevor Lawrence/Lawrence
94%
Alabama WR Devontae Smith/Smith
85%
Ohio State RB Ezekiel Elliott/Elliott
85%
Clemson QB Deshaun Watson/Watson
79%
Alabama QB Tua Tagovailoa/Tagovailoa
79%
Georgia QB Stetson Bennett/Bennett
77%
Georgia QB Stetson Bennett/Bennett
77%
LSU LB Patrick Queen/Queen
36%
Alabama TE O.J. Howard/Howard
34%
Alabama DT Daron Payne/Payne
13%
Clemson LB Ben Boulware/Boulware
9%
Alabama S Eddie Jackson/Jackson
9%
Georgia DB Javon Bullard/Bullard
9%
Georgia S Lewis Cine/Cine
6%
Clemson CB Trayvon Mullen/Mullen
4%
Ohio State S Tyvis Powell/Powell
4%
Alabama DT Christian Barmore/Barmore
2%
No matching quizzes found
Score Distribution
Percent of People with Each Score
Percentile by Number Answered
Your Score History
You have not taken this quiz